|
|
|
|
| LEADER |
01547nam a2200397Ia 4500 |
| 001 |
EBC3306549 |
| 003 |
MiAaPQ |
| 005 |
20200520144314.0 |
| 006 |
m o d | |
| 007 |
cr cn||||||||| |
| 008 |
041217s2004 xxua sb 001 0 eng d |
| 010 |
|
|
|z 2004559397
|
| 020 |
|
|
|z 0738498262 (pbk.)
|
| 035 |
|
|
|a (MiAaPQ)EBC3306549
|
| 035 |
|
|
|a (Au-PeEL)EBL3306549
|
| 035 |
|
|
|a (CaPaEBR)ebr10112555
|
| 035 |
|
|
|a (OCoLC)137342175
|
| 040 |
|
|
|a MiAaPQ
|c MiAaPQ
|d MiAaPQ
|
| 050 |
|
4 |
|a HD30.213
|b .O54 2004
|
| 245 |
0 |
0 |
|a On demand operating environment
|h [electronic resource] :
|b creating business flexibility /
|c IBM International Technical Support Organization.
|
| 250 |
|
|
|a 1st ed.
|
| 260 |
|
|
|a [S.l.] :
|b IBM, International Technical Support Organization,
|c c2004.
|
| 300 |
|
|
|a xviii, 236 p. :
|b ill.
|
| 490 |
1 |
|
|a IBM redbooks
|
| 500 |
|
|
|a "April 2004."
|
| 504 |
|
|
|a Includes bibliographical references and index.
|
| 533 |
|
|
|a Electronic reproduction. Ann Arbor, MI : ProQuest, 2015. Available via World Wide Web. Access may be limited to ProQuest affiliated libraries.
|
| 650 |
|
0 |
|a Management information systems.
|
| 650 |
|
0 |
|a Information technology
|x Management.
|
| 650 |
|
0 |
|a IBM software.
|
| 650 |
|
0 |
|a Systems software.
|
| 655 |
|
4 |
|a Electronic books.
|
| 710 |
2 |
|
|a International Business Machines Corporation.
|b International Technical Support Organization.
|
| 710 |
2 |
|
|a ProQuest (Firm)
|
| 830 |
|
0 |
|a IBM redbooks.
|
| 856 |
4 |
0 |
|u https://ebookcentral.proquest.com/lib/matrademy/detail.action?docID=3306549
|z Click to View
|